000 00758nas a2200253 4500
001 BR2014004089
003 BR-BrBNA
005 20231205124213.0
007 ta
008 230509b bl.|||p| |||| 00| 00por d
040 _aBR-BrBNA
_bpor
_cBiblioteca Nacional de Agricultura
041 _a(Pt)
072 _aM12; E72
100 1 _aMachado, M.
100 1 _aSoriano-Sierra, E.
245 1 _aMoluscos marinhos como commodity ambiental em Santa Catarina
650 _aMEXILHÃO
650 _aOSTRA
650 _aCONDIÇÃO AMBIENTAL
650 _aMERCADO INTERNO
773 0 _tAgropecuária Catarinense (Brazil)
_xISSN 0103-0779
_g(Mar-Jun 2014), v. 27(1) p. 14-17
_wBR2014004089
909 _a202311
_bLúcia
_c55
_dLúcia Elande
942 _2AGRIS
_n0
_cANA
999 _c237844
_d237844